Freguesias de Viana do Castelo - Statistics

Estatísticas Gerais
  • Esse quiz foi jogado 147 vezes
  • A pontuação média é 25 de 40
Estatísticas das Respostas
Freguesias % Correto
Barroselas
83%
Meadela
81%
Afife
79%
Areosa
79%
Darque
79%
Monserrate
79%
Santa Marta de Portuzelo
79%
Deão
71%
Perre
71%
Cardielos
69%
Lanheses
69%
Santa Maria Maior
69%
Carreço
67%
Deocriste
64%
Serreleis
64%
Vila de Punhe
64%
Vila Fria
64%
Castelo do Neiva
62%
Chafé
62%
Subportela
62%
Amonde
60%
Anha
60%
Montaria
60%
Vila Franca
60%
Moreira de Geraz do Lima
57%
Outeiro
57%
Alvarães
55%
Geraz do Lima (Santa Leocádia)
55%
Geraz do Lima (Santa Maria)
55%
Mazarefes
55%
São Romão de Neiva
55%
Mujães
52%
Nogueira
52%
Portela Susã
52%
Meixedo
48%
Torre
48%
Carvoeiro
45%
Freixieiro de Soutelo
43%
Vilar de Murteda
40%
Vila Mou
38%
Nenhum quiz correspondente encontrado
Distribuição das Pontuações
Porcentagem de Pessoas com Cada Pontuação
Percentil de Números Respondidos
Sua Pontuação Histórica
Você não jogou esse quiz